LEADER 00919nam a2200217 i 4500 001 000000030516 003 CaOOAMICUS 005 20180830125449.0 008 180830s1983 it u000 u ita u 040 $aSeMil$bita 100 1 $aAlighieri, Dante,$d<1265-1321>.$0(OLS)http://semarc/name/453 245 13$aLa Divina Commedia /$cDante Alighieri ; [commento e postille critiche di Giuseppe Giacalone ]. 260 $aRoma :$bSignorelli,$c1983. 300 $a3 v. ;$c23 cm. 500 $aIn cop. : a cura di G. Giacalone. 700 1 $aGiacalone, Giuseppe.$0(OLS)http://semarc/name/14049 774 0 $aAlighieri, Dante <1265-1321>$tInferno.$g1$w()232923 774 0 $aAlighieri, Dante <1265-1321>$tPurgatorio.$g2$w()232933 774 0 $aAlighieri, Dante <1265-1321>$tParadiso.$g3$w()232934 996 $6245$aLa Divina Commedia$9(OLS)http://semarc/title/45395 996 $6260$aRoma :$bSignorelli$9(OLS)http://semarc/publisher/33765 LEADER 01099nam a2200241 i 4500 001 000000167729 003 CaOOAMICUS 005 20071207000000.0 008 071207s1955 it u000 u mul u 013 $a145128 040 $aSeMil$bita 245 10$a2. 260 $aMilano :$bVita e Pensiero,$c1955. 300 $aVI, 451 p. :$bill. (b/n). 490 0 $aPubblicazioni dell'Università Cattolica del S. Cuore. N.s ;$v52. 700 1 $aUniversità Cattolica del Sacro Cuore : Facoltà di agraria.$0(OLS)http://semarc/name/8471 773 0 $aUniversità Cattolica del Sacro Cuore : Facoltà di agraria$tAnnali della Facoltà di agraria.$dMilano : Vita e Pensiero, 1955.$gSerie2$w()18910 830 0$aPubblicazioni dell'Università cattolica del Sacro Cuore. Nuova serie ;$v52.$0(OLS)http://semarc/title/41025 850 $aSeMil 852 $aSeMil$W1$xVenegono$y1$m3XC IV 6$j118876$B118876$CSeMilBibl$Z2$F130757 $81 961 $aRecupero: Altro 996 $6245$a2$9(OLS)http://semarc/title/46889 996 $6260$aMilano :$bVita e Pensiero$9(OLS)http://semarc/publisher/29642